LEADER 01145nam a2200289 i 4500 001 000000249318 003 CaOOAMICUS 005 20250722123808.0 008 160509s2014 it u000 u ita u 013 $a228223 020 $a978-88-215-9441-0 040 $aSeMil$bita 100 1 $aPiano, Stefano,$d<1941- >.$0(OLS)http://semarc/name/47764 245 10$aSanatana-Dharma :$bun incontro con l'Induismo /$cStefano Piano. 250 $a3. ed. 260 $aCinisello Balsamo :$bSan Paolo,$c2014. 300 $a339 p. ;$c21 cm. 490 0 $aUniverso teologia ;$v111. 650 4$aInduismo.$0(OLS)http://semarc/subject/907 830 0$aUniverso teologia ;$v111.$0(OLS)http://semarc/title/224 850 $aSeMil 852 $aSeMil$W1$xVenegono$y1$m2R VII 11$j257507$B199664$CSeMilBibl$Z2$F211118 $81 961 $aSottoscrizione: LdS 996 $6020$a978-88-215-9441-0$9(OLS)http://semarc/number/259368 996 $6245$aSanatana-Dharma :$bun incontro con l'Induismo$9(OLS)http://semarc/title/351483 996 $6260$aCinisello Balsamo :$bSan Paolo$9(OLS)http://semarc/publisher/30129 LEADER 01941nam a2200265 4500 001 000000352035 003 CaOOAMICUS 005 20221028122601.0 008 221028s1796 it a 000 u lat r 026 $es,ue t.a- u-i- adtu (3) 1796 (R) 040 $aSeMil$bita 110 21$aChierici regolari minori.$0(OLS)http://semarc/name/116715 245 13$a2: Decretorum codex Clericorum Regularium Minorum Capituli generalis trigesimi octavi ac proxime praecedentium jussione lucubratus, Apostolicae Sedis approbatione suffultus, vim propterea per omnia habens legis ... una cum appendice adjuncta de Comitiis generalibus in Hispania habendis ac legum conditarum chronicis. 264 1$aRomae :$bApud Lazarinos,$c1796. 300 $aVIII, 227, [1] p., [1] carta di tav. :$bill. calcogr. ;$c4° 500 $aFregio xilogr. sul front. 500 $aSegn.: *4 A-2D? 2E? 500 $aLegato insieme al vol. 1 710 0 $aLazzarini$c.$0(OLS)http://semarc/name/109966 773 0 $aChierici regolari minori$tConstitutionum Clericorum Regularium Minorum in quatuor distinctae partes.$dRomae : Apud Lazarinos, 1796.$bSecunda editio eaque accuratior: novo adjuncto Decretorum codice, omnia quae a Capitulis Generalibus hactenus lata sunt, complectente: una cum appendice eorumdem: ac demum accedit legum ipsius Congregationis chronicon$g2$w()352033 850 $aSeMil 852 $aSeMil$W1$xVenegono$y1$m3Z IV 29 FA$j235020$B243219$CSeMilBibl$Z2$F243219 $8I 996 $6245$a2: Decretorum codex Clericorum Regularium Minorum Capituli generalis trigesimi octavi ac proxime praecedentium jussione lucubratus, Apostolicae Sedis approbatione suffultus, vim propterea per omnia habens legis ... una cum appendice adjuncta de Comitiis generalibus in Hispania habendis ac legum conditarum chronicis$9(OLS)http://semarc/title/441847 996 $6264$aRomae :$bApud Lazarinos$9(OLS)http://semarc/publisher/60701